000
00314nam a2200121 a 4500
008
101210s2008|||| d
245
1
0
_a
Legendy i opowiešci biecke
041
_a
pol
044
_a
PL
100
1
_a
Ślawska, Gabriela
260
_b
Towarzystwo kulturalne Biecza i regionu
_c
2008
_a
Biecz
020
_c
10
999
_c
15082
_d
15082